| 000 -LEADER |
| fixed length control field |
01598nam a2200469 i 4500 |
| 001 - CONTROL NUMBER |
| control field |
020150588 |
| 003 - CONTROL NUMBER IDENTIFIER |
| control field |
UkOxU |
| 005 - DATE AND TIME OF LATEST TRANSACTION |
| control field |
20230824075916.0 |
| 006 - FIXED-LENGTH DATA ELEMENTS--ADDITIONAL MATERIAL CHARACTERISTICS |
| fixed length control field |
innnn|||||||||| n |
| 007 - PHYSICAL DESCRIPTION FIXED FIELD--GENERAL INFORMATION |
| fixed length control field |
sd fsngnnmmned |
| 008 - FIXED-LENGTH DATA ELEMENTS--GENERAL INFORMATION |
| fixed length control field |
150921s2015 nyua 000 0 eng d |
| 020 ## - INTERNATIONAL STANDARD BOOK NUMBER |
| International Standard Book Number |
9780134049762 |
| Qualifying information |
paperback |
| 035 ## - SYSTEM CONTROL NUMBER |
| System control number |
(StEdALDL)1/3258947 |
| 040 ## - CATALOGING SOURCE |
| Original cataloging agency |
StEdALDL |
| Language of cataloging |
eng |
| Description conventions |
rda |
| Transcribing agency |
StEdALDL |
| Modifying agency |
UkOxU |
| -- |
KH8 |
| 049 ## - LOCAL HOLDINGS (OCLC) |
| Holding library |
CROBAR |
| 082 ## - DEWEY DECIMAL CLASSIFICATION NUMBER |
| Classification number |
428.24 BAR |
| 100 1# - MAIN ENTRY--PERSONAL NAME |
| Personal name |
Barton, Laurie, |
| Relator term |
author. |
| 245 10 - TITLE STATEMENT |
| Title |
NorthStar. |
| Name of part/section of a work |
Reading & writing. |
| Number of part/section of a work |
3 / |
| Statement of responsibility, etc. |
Laurie Barton, Carolyn Dupaquier. |
| 246 3# - VARYING FORM OF TITLE |
| Title proper/short title |
NorthStar. |
| Name of part/section of a work |
Reading and writing. |
| Number of part/section of a work |
3 |
| 246 3# - VARYING FORM OF TITLE |
| Title proper/short title |
North star. |
| Name of part/section of a work |
Reading and writing. |
| Number of part/section of a work |
3 |
| 250 ## - EDITION STATEMENT |
| Edition statement |
Fourth edition. |
| 250 ## - EDITION STATEMENT |
| Edition statement |
International edition. |
| 264 #1 - PRODUCTION, PUBLICATION, DISTRIBUTION, MANUFACTURE, AND COPYRIGHT NOTICE |
| Place of production, publication, distribution, manufacture |
White Plains, New York : |
| Name of producer, publisher, distributor, manufacturer |
Pearson Education, |
| Date of production, publication, distribution, manufacture, or copyright notice |
[2015?] |
| 264 #4 - PRODUCTION, PUBLICATION, DISTRIBUTION, MANUFACTURE, AND COPYRIGHT NOTICE |
| Date of production, publication, distribution, manufacture, or copyright notice |
©2015 |
| 300 ## - PHYSICAL DESCRIPTION |
| Extent |
xix, 209 pages : |
| Other physical details |
illustrations ; |
| Dimensions |
26 cm. |
| 336 ## - CONTENT TYPE |
| Content type term |
text |
| Source |
rdacontent |
| 336 ## - CONTENT TYPE |
| Content type term |
spoken word |
| Source |
rdacontent |
| 337 ## - MEDIA TYPE |
| Media type term |
unmediated |
| Source |
rdamedia |
| 337 ## - MEDIA TYPE |
| Media type term |
audio |
| Source |
rdamedia |
| 338 ## - CARRIER TYPE |
| Carrier type term |
volume |
| Source |
rdacarrier |
| 338 ## - CARRIER TYPE |
| Carrier type term |
audio disc |
| Source |
rdacarrier |
| 344 ## - SOUND CHARACTERISTICS |
| Type of recording |
digital |
| Recording medium |
optical |
| Configuration of playback channels |
stereo |
| Source |
rda |
| 347 ## - DIGITAL FILE CHARACTERISTICS |
| File type |
audio file |
| Encoding format |
CD audio |
| Source |
rda |
| 490 1# - SERIES STATEMENT |
| Series statement |
Always learning. |
| 650 #0 - SUBJECT ADDED ENTRY--TOPICAL TERM |
| Topical term or geographic name entry element |
English language |
| Form subdivision |
Textbooks for foreign speakers. |
| 650 #0 - SUBJECT ADDED ENTRY--TOPICAL TERM |
| Topical term or geographic name entry element |
English language |
| General subdivision |
Study and teaching |
| -- |
Foreign speakers. |
| 650 #0 - SUBJECT ADDED ENTRY--TOPICAL TERM |
| Topical term or geographic name entry element |
Reading comprehension |
| Form subdivision |
Problems, exercises, etc. |
| 650 #0 - SUBJECT ADDED ENTRY--TOPICAL TERM |
| Topical term or geographic name entry element |
English language |
| General subdivision |
Written English |
| Form subdivision |
Problems, exercises, etc. |
| 700 1# - ADDED ENTRY--PERSONAL NAME |
| Personal name |
Dupaquier, Carolyn, |
| Dates associated with a name |
1966- |
| Relator term |
author. |
| 830 #0 - SERIES ADDED ENTRY--UNIFORM TITLE |
| Uniform title |
Always learning. |
| 942 ## - ADDED ENTRY ELEMENTS (KOHA) |
| Source of classification or shelving scheme |
|
| Koha item type |
Teaching Resources |